000 00715nam a22002297a 4500
999 _c7570
_d7570
003 OSt
005 20211206121858.0
008 211206b ||||| |||| 00| 0 eng d
020 _a9781259254123
040 _cDDC
082 _a657 LIB 2017
100 _aLibby, Robert; Patricia A. Libby; Frank ,Hodge
_915489
245 _aFinancial Accounting .
250 _a9th ed
260 _aBoston :
_b McGraw-Hill/Irwin;
_c c2017,
300 _axxix, 752 pages :
_b illustrations (some color) ;
_c 29 cm
504 _aIncludes bibliographical references and indexes.
650 _aAccounting.
_91379
650 _aCorporations -- Accounting.
_915490
650 _aFinancial statements.
_93022
942 _2ddc
_cBOOK